000 00431nam a2200181Ia 4500
005 20250603145926.0
008 250603s9999 xx 000 0 und d
020 _a9781032214955
050 _aJF 1525 .L4 .P66/
100 _aPool-Funai, Angela E.
245 4 _aThe reflective administrator
260 _aNew York
260 _bRoutledge
260 _c2023
300 _ax, 175p.: ill.
650 _aNew York
942 _cBK
999 _c43260
_d43260